000 01378nam1a2200301 i 4500
001 RU\NLR\BIBL_A\012587298
005 20240922023843.0
035 _a(NLR Aleph) 012587298
090 _a12540915
_c12540915
100 _a20210824g2021 k y0rusy50 ca
101 0 _arus
102 _aRU
105 _a z
181 0 _ai
_baxxe
182 0 _an
200 1 _aСелекция озимой пшеницы в центральном регионе Нечерноземья России
_eизбранные труды
_fБ. И. Сандухадзе
203 _aТекст
_bвизуальный
_cнепосредственный
210 _aМосква
_c[б. и.]
_d2021
215 _d21
300 _aНа 3-й с. авт.: Сандухадзе Б.И., д.с.-х.н., проф., акад. РАН, Засл. деят. науки РФ
309 _aКн. 1 вышла ненумер.
606 1 _aОзимая пшеница
_jСборники
_xСелекция
_yРоссийская Федерация
_yНечерноземная зона
_92290826
_3RU\NLR\AUTH\661371985
686 1 _aП212.12-31(2Р344)я44
700 1 _4070
_7ca
_8rus
_aСандухадзе
_bБ. И.
_f1931-
_gБаграт Исменович
_9246591
_3RU\NLR\AUTH\770246647
852 _aNLR
_j2011-5/3982
942 _cBOOK